Cours de calcul differentiel
Αποθηκεύτηκε σε:
| Κύριος συγγραφέας: | |
|---|---|
| Μορφή: | Βιβλίο |
| Γλώσσα: | French |
| Δημοσίευση: |
Paris :
Hermann,
1977, c1967
|
| Έκδοση: | Nouv. ed, refondue et corr |
| Σειρά: | Collection Methodes
|
| Θέματα: | |
| Ετικέτες: |
Προσθήκη ετικέτας
Δεν υπάρχουν, Καταχωρήστε ετικέτα πρώτοι!
|
MARC
| LEADER | 00000nam a2200000 i 4500 | ||
|---|---|---|---|
| 001 | 1/57273 | ||
| 008 | 941103t19771967 fre d | ||
| 020 | |a 2705658793 |c 68.00F | ||
| 035 | |l 10045711 | ||
| 040 | |a GR-MY-UA |b gre |e aacr | ||
| 041 | 0 | |a fre | |
| 082 | 0 | |a 515.33 | |
| 100 | 1 | |a Cartan, Henri |d 1904-2008. | |
| 245 | 1 | 0 | |a Cours de calcul differentiel / |c Henri Cartan |
| 250 | |a Nouv. ed, refondue et corr | ||
| 260 | |a Paris : |b Hermann, |c 1977, c1967 | ||
| 300 | |a 355 p.; |c 22 cm | ||
| 490 | 1 | |a Collection Methodes | |
| 500 | |a Earlier ed. published in 1967 under title: Calcul differentiel | ||
| 500 | |a Includes indexes | ||
| 650 | 0 | 0 | |a Differential calculus. |
| 650 | 0 | 0 | |a Differential equations. |
| 830 | 0 | |a Collection Methodes | |
| 852 | |a INST |b SAMOS |e 19941103 |h 515.33 CAR |p 005300001613 |q 005300001613 |t BK |y 0 | ||
| 909 | |a Σ |b 008284 | ||